Adams & Graham's Introduction to Neuropathology (Record no. 6723)

MARC details
000 -LEADER
fixed length control field 00604nam a22002057a 4500
003 - CONTROL NUMBER IDENTIFIER
control field OSt
005 - DATE AND TIME OF LATEST TRANSACTION
control field 20200309162015.0
008 - FIXED-LENGTH DATA ELEMENTS--GENERAL INFORMATION
fixed length control field 200309b ||||| |||| 00| 0 eng d
020 ## - INTERNATIONAL STANDARD BOOK NUMBER
International Standard Book Number 9780340811979
040 ## - CATALOGING SOURCE
Transcribing agency DNLM
082 ## - DEWEY DECIMAL CLASSIFICATION NUMBER
Classification number WH102 A17d 2006
100 ## - MAIN ENTRY--PERSONAL NAME
Personal name Edited by David, I. Graham; James, A.R. Nicoll; Ian, Bone
9 (RLIN) 13809
245 ## - TITLE STATEMENT
Title Adams & Graham's Introduction to Neuropathology
250 ## - EDITION STATEMENT
Edition statement 3rd ed.
260 ## - PUBLICATION, DISTRIBUTION, ETC. (IMPRINT)
Place of publication, distribution, etc. London;
Name of publisher, distributor, etc. Hodder Arnold,
Date of publication, distribution, etc. 2006
300 ## - PHYSICAL DESCRIPTION
Extent xvii,455p;
Other physical details Col.ill:
Dimensions 24.5cm
504 ## - BIBLIOGRAPHY, ETC. NOTE
Bibliography, etc References, & index included
650 ## - SUBJECT ADDED ENTRY--TOPICAL TERM
Topical term or geographic name as entry element Neuropathology
9 (RLIN) 13810
942 ## - ADDED ENTRY ELEMENTS (KOHA)
Source of classification or shelving scheme Other/Generic Classification Scheme
Koha item type Open Shelf
Holdings
Withdrawn status Lost status Source of classification or shelving scheme Damaged status Not for loan Home library Current library Date acquired Source of acquisition Inventory number Total Checkouts Full call number Barcode Date last seen Koha item type
    Other/Generic Classification Scheme     MUST Main Library MUST Main Library 09/03/2020 Donation 10/32089   WH102 A17d 2006 2020-0663 09/03/2020 Open Shelf